Украинская советская повесть: пер. с укр.; Молчун; Огонек далеко в степи; Апрель на лодке; Лето на Десне; Течет река; Маленькие путешествия с дочкой; Обычная командировка
| Tác giả khác: | |
|---|---|
| Ngôn ngữ: | Tiếng Nga |
| Được phát hành: |
Киев, Днiпро, 1987
|
| TOC: | В. Близнец, Молчун; Г. Тютюник, Огонек далеко в степи; Н. Бичуя, Апрель на лодке; М. Винграновский, Лето на Десне; Е. Гуцало, Течет река; В. Положий, Маленькие путешествия с дочкой; Ю. Щербак, Обычная командировка; |
| Loạt: | Радуга |
| Những chủ đề: | |
| Định dạng: | Sách |
| KOHA link: | https://koha.lib.tpu.ru/cgi-bin/koha/opac-detail.pl?biblionumber=252944 |
MARC
| LEADER | 00000nam0a2200000 4500 | ||
|---|---|---|---|
| 001 | 252944 | ||
| 005 | 20231101232810.0 | ||
| 035 | |a (RuTPU)RU\TPU\book\275310 | ||
| 090 | |a 252944 | ||
| 100 | |a 20140306d1987 m y0rusy50 ca | ||
| 101 | 1 | |a rus |c ukr | |
| 102 | |a UA | ||
| 105 | |a a z 000ay | ||
| 200 | 1 | |a Украинская советская повесть |e пер. с укр. |f под ред. О. В. Крекотень | |
| 210 | |a Киев |c Днiпро |d 1987 | ||
| 215 | |a 415 с. |c ил. | ||
| 225 | 1 | |a Радуга | |
| 464 | |t Молчун |o повесть |f В. Близнец | ||
| 464 | |t Огонек далеко в степи |o повесть |f Г. Тютюник | ||
| 464 | |t Апрель на лодке |o повесть |f Н. Бичуя | ||
| 464 | |t Лето на Десне |o повесть |f М. Винграновский | ||
| 464 | |t Течет река |o повесть |f Е. Гуцало | ||
| 464 | |t Маленькие путешествия с дочкой |o повесть |f В. Положий | ||
| 464 | |t Обычная командировка |o повесть |f Ю. Щербак | ||
| 606 | 1 | |a Украинская литература |2 stltpush |3 (RuTPU)RU\TPU\subj\62974 |9 80028 | |
| 610 | 1 | |a художественная литература | |
| 610 | 1 | |a повести | |
| 610 | 1 | |a Украина | |
| 675 | |a 883 |v 3 | ||
| 702 | 1 | |a Крекотень |b О. В. |4 340 | |
| 801 | 1 | |a RU |b 63413507 |c 20140306 | |
| 801 | 2 | |a RU |b 63413507 |c 20200522 |g RCR | |
| 942 | |c BK | ||